QUEST Central Library Banner

Ispf : the strategic dialog manager (Record no. 9662)

MARC details
000 -LEADER
fixed length control field 00471nam a2200145 a 4500
020 ## - INTERNATIONAL STANDARD BOOK NUMBER
ISBN 0070026734 (hardcover)
020 ## - INTERNATIONAL STANDARD BOOK NUMBER
ISBN 9780070026735 (hardcover)
100 1# - MAIN ENTRY--AUTHOR NAME
Personal name Azevedo, Joseph A.
245 10 - TITLE STATEMENT
Title Ispf : the strategic dialog manager
260 ## - PUBLICATION, DISTRIBUTION, ETC. (IMPRINT)
Place of publication [S.l.] :
Name of publisher McGraw-Hill,
Year of publication 1988.
300 ## - PHYSICAL DESCRIPTION
Number of Pages 304 p. ;
490 1# - SERIES STATEMENT
Series statement J. ranade series: practical computing in the ibm environment.
856 40 - ELECTRONIC LOCATION AND ACCESS
Uniform Resource Identifier http://www.amazon.com/exec/obidos/ASIN/0070026734/chopaconline-20
942 ## - ADDED ENTRY ELEMENTS (KOHA)
Koha item type Books
Holdings
Withdrawn status Lost status Home library Current library Date acquired Full call number Accession Number Koha item type
    Central Library, QUEST, Nawabshah Central Library, QUEST, Nawabshah 09/09/2014 AZE 17483 Books

Copyright © 2018,The QUEST, Nawabshah, Shaheed Benazirabad. All rights reserved
Mr. G. Farooq Channar (Librarian) QUEST, Nawabshah, Sindh, Pakistan 67480.
 Ph#: |   0244-9370381-4 Ext. 2308   Email| lib@quest.edu.pk   Web|  http://www.quest.edu.pk